Electric Plants in Plants vs Zombies 2 - Statistics

General Stats
  • This quiz has been taken 4 times
  • The average score is 7 of 11
Answer Stats
Picture Answer % Correct
Citron
100%
Electric Peashooter
100%
Lightning Reed
100%
Magnet Shroom
100%
Electric Currant
67%
EM Peach
67%
Bzzz Button
33%
Electric Blueberry
33%
Electrici Tea
33%
Power Vine
33%
Electric Peel
0%
No matching quizzes found
Score Distribution
Percent of People with Each Score
Percentile by Number Answered
Your Score History
You have not taken this quiz